| 000 | 02316cam a2200313 4500500 | ||
|---|---|---|---|
| 005 | 20260329013240.0 | ||
| 041 | _afre | ||
| 042 | _adc | ||
| 100 | 1 | 0 |
_aDunes, Mathieu _eauthor |
| 700 | 1 | 0 |
_aChouki, Mourad _eauthor |
| 700 | 1 | 0 |
_aRichomme Huet, Katia _eauthor |
| 245 | 0 | 0 | _aL’influence de la gamification dans les vlogs sur l’intention entrepreneuriale verte : une approche d’innovation sociale par le surcyclage |
| 260 | _c2025. | ||
| 500 | _a76 | ||
| 520 | _aThis research explores how gamification in upcycling vlogs can encourage green entrepreneurial intention. Combining the theory of planned behavior and the theory of social impact, the study analyzes the effects of gamification on the determinants of green entrepreneurial intention. An online questionnaire, distributed to young adults active on social media, is used to analyze the behavioral determinants and moderating effect of gamification. This research highlights the potential of gamified digital formats as levers for social innovation, and offers recommendations for actors in the ecological transition. | ||
| 520 | _aCette recherche explore comment la gamification dans les vlogs sur le surcyclage de produits peut encourager l’intention entrepreneuriale verte. En combinant la théorie du comportement planifié et celle de l’impact social, l’étude analyse les effets de la gamification sur les déterminants de l’intention entrepreneuriale verte. Un questionnaire en ligne, diffusé auprès de jeunes adultes actifs sur les médias sociaux, permet d’analyser les déterminants comportementaux et l’effet modérateur de la gamification. Cette recherche met en lumière le potentiel des formats numériques ludiques comme leviers d’innovation sociale et propose des recommandations pour les acteurs de la transition écologique. | ||
| 690 | _aEntrepreneuriat vert | ||
| 690 | _aLudification | ||
| 690 | _aMédias sociaux | ||
| 690 | _aUpcycling | ||
| 690 | _aVlog | ||
| 690 | _aGamification | ||
| 690 | _aGreen Entrepreneurship | ||
| 690 | _aSocial Media | ||
| 690 | _aUpcycling | ||
| 690 | _aVlogging | ||
| 786 | 0 | _nInnovations | hors-série | HS1 | 2025-10-10 | p. 121-121 | 1267-4982 | |
| 856 | 4 | 1 | _uhttps://shs.cairn.info/revue-innovations-2025-HS1-page-121?lang=fr&redirect-ssocas=7080 |
| 999 |
_c1878593 _d1878593 |
||